Les compositions de l'Equipe de France lors des finales d'Euro - Statistiques

Statistiques générales
  • Ce quiz a été pris 106 fois
  • Le résultat moyen est 22 sur 33
Statistiques - réponses
Années Postes Joueurs % Correct
2016 Gardien Hugo Lloris
98%
2016 Ailier Droit/Milieu Offensif Antoine Griezmann
97%
2016 Buteur Olivier Giroud
96%
2000 Milieu Offensif Zinédine Zidane
94%
2000 Gardien Fabien Barthez
91%
2016 Milieu de terrain Paul Pogba
91%
2000 Défenseur Droit Lilian Thuram
88%
2000 Ailier Gauche Thierry Henry
88%
2000 Défenseur Central Marcel Desailly
87%
2000 Défenseur Gauche Bixente Lizarazu
85%
2000 Défenseur Central Laurent Blanc
85%
1984 Milieu Offensif Michel Platini
83%
2016 Défenseur Central Laurent Koscielny
82%
2016 Défenseur Gauche Patrice Evra
80%
2016 Milieu de terrain Blaise Matuidi
77%
2000 Milieu de terrain Patrick Vieira
75%
2000 Milieu de terrain Didier Deschamps
74%
2016 Défenseur Droit Bakary Sagna
73%
2000 Milieu Offensif Youri Djorkaeff
73%
2016 Défenseur Central Samuel Umtiti
72%
2016 Ailier Gauche/Milieu Offensif Dimitry Payet
70%
2016 Milieu de terrain Moussa Sissoko
62%
2000 Buteur Christophe Dugarry
53%
1984 Milieu de terrain Alain Giresse
47%
1984 Milieu de terrain Jean Tigana
41%
1984 Milieu de terrain Luis Fernandez
41%
1984 Défenseur Droit Patrick Battiston
34%
1984 Gardien Joël Bats
33%
1984 Buteur Bernard Lacombe
24%
1984 Défenseur Central Maxime Bossis
23%
1984 Défenseur Gauche Jean-François Domergue
14%
1984 Buteur Bruno Bellone
13%
1984 Défenseur Central Yvon Le Roux
12%
Aucun quiz correspondant
Distribution des résultats
% des personnes avec chaque résultat
Percentile par nombre de réponses
Votre historique - résultats
Vous n’avez pas pris ce quiz